00695nam a2200205 i 450000100060000000300090000600500170001500700030003200800410003510000240007624500840010025000120018426000320019630000360022865000350026470000290029985200220032899900170035095201220036778599ES-MaACL20250806014154.0t|041015s1969 sp a |||| | spa d1 aHauss, W. H.96212410aCompendio de medicina interna / cpor W.H. Hauss ; versión, F. Broggi Guerra. a1ª ed. aBarcelona : bJims, c1969. aXXXI, 929 p. : bil. ; c25 cm.07aMedicina interna2embne9149251 aBroggi Guerra, F.931873 aES-MaACLjC-36940 c78599d78599 00104070aATENEOMbATENEOMcDEPO2d2008-01-17eSCl0oC-36940p1082208r2023-02-23 00:00:00w2023-02-23yMONOGRAFIA